Chanteuses françaises iconiques – Les reconnais-tu ? - Statistiques

Statistiques générales
  • Ce quiz a été pris 46 fois
  • Le résultat moyen est 8 sur 16
Statistiques - réponses
Par images Réponse % Correct
Brigitte Bardot
93%
France Gall
89%
Lio
71%
Jane Birkin
67%
Françoise Hardy
64%
Sheila
64%
Marie Laforêt
53%
Nana Mouskouri
53%
Sylvie Vartan
53%
Veronique Sanson
51%
Mireille Mathieu
49%
Juliette Grecco
38%
Chantal Goya
31%
Julie Pietri
24%
Isabelle Aubret
13%
Michèle Torr
7%
Aucun quiz correspondant
Distribution des résultats
% des personnes avec chaque résultat
Percentile par nombre de réponses
Votre historique - résultats
Vous n’avez pas pris ce quiz